| 000 | 00456nam a2200193Ia 4500 | ||
|---|---|---|---|
| 003 | GCL | ||
| 008 | 140319s9999 xx 000 0 aFre d | ||
| 020 | _a2701124298 | ||
| 040 |
_aGCL / _cGCL |
||
| 082 | 0 | 4 |
_a052 _bG G |
| 245 | 1 | 0 | _aGENESES |
| 260 |
_aفرنسا : _bEDITIONS BELIN |
||
| 300 |
_a24 CM ؛ _cMULTI |
||
| 650 | 0 | 4 | _aSOCIAL SCIENCE - RESEARCH |
| 650 | 0 | 4 | _aHISTORY |
| 650 | 0 | 4 | _aSOCIAL SCIENCE |
| 650 | 0 | 4 | _aINSTITUTIONS |
| 942 |
_2ddc _cBK |
||
| 999 |
_c6890 _d6890 |
||